00857pam a2200229 a 450000500170000000800390001702000360005604000290009204100080012108200140012924500880014325000220023126000530025330000680030650400530037465000370042765000320046465000250049670000390052170000280056070000390058820160210174059.0950918s1996 maua b 001 0 eng a0878932828 (paper layflat bdg.) aDLCcDLCdDLCdCO-BoIAVH aeng04a573bH65m00aMolecular systematics /cedited by David M. Hillis, Craig Moritz, Barbara K. Mable. aSegunda edición aSunderland, Mass. :bSinauer Associates,cc1996. axvi, 655 páginas :bilustraciones (algunas a color) ;c26 cm. aIncluye referencias bibliográficas e índice.24aBiologíaxAspectos moleculares24aBiologíaxClasificación24aBiología molecular1 aHillis, David M.,d1958-,eeditor.1 aMoritz, Craig,eeditor.1 aMable, Barbara K.,d1963-eeditor.